书目信息 |
| 题名: |
刘心武建筑评论大观
|
|
| 作者: | 刘心武 著 | |
| 分册: | ||
| 出版信息: | 南京 译林出版社 2016.3 |
|
| 页数: | 449页 | |
| 开本: | 24cm | |
| 丛书名: | ||
| 单 册: | ||
| 中图分类: | TU-862 | |
| 科图分类: | ||
| 主题词: | 建筑艺术--艺术评论--中国 | |
| 电子资源: | ||
| ISBN: | 978-7-5447-6146-8 | |
| 000 | 00860nam0 2200241 450 | |
| 001 | 0400005921 | |
| 005 | 20171113090138.54 | |
| 010 | @a978-7-5447-6146-8@dCNY42.80 | |
| 100 | @a20160405d2016 em y0chiy50 ea | |
| 101 | 0 | @achi |
| 102 | @aCN@b320000 | |
| 105 | @aa z 000yy | |
| 106 | @ar | |
| 200 | 1 | @a刘心武建筑评论大观@Aliu xin wu jian zhu ping lun da guan@b专著@f刘心武著 |
| 210 | @a南京@c译林出版社@d2016.3 | |
| 215 | @a449页@c图,照片@d24cm | |
| 300 | @a刘心武文粹 第26卷 | |
| 330 | @a本书收录作者近年来关于建筑与家居等方面的随笔和专论。在书中,作者从美术,摄影,建筑,音乐等方面,评论北京市常见的有名建筑,是一本集人文、历史,建筑,美学于一体的建筑评论著作。 | |
| 606 | 0 | @a建筑艺术@x艺术评论@y中国 |
| 690 | @aTU-862@v5 | |
| 701 | 0 | @a刘心武@Aliu xin wu@f(1942-)@4著 |
| 801 | 0 | @aCN@b上海新华@c20171031 |
| 905 | @b1023575-9@dTU-862@e193@f5 | |
| 刘心武建筑评论大观/刘心武著.-南京:译林出版社,2016.3 |
| 449页:图,照片;24cm |
| 刘心武文粹 第26卷 |
| ISBN 978-7-5447-6146-8:CNY42.80 |
| 本书收录作者近年来关于建筑与家居等方面的随笔和专论。在书中,作者从美术,摄影,建筑,音乐等方面,评论北京市常见的有名建筑,是一本集人文、历史,建筑,美学于一体的建筑评论著作。 |
| ● |
| 相关链接 |
|
|
|
|
正题名:刘心武建筑评论大观
索取号:TU-862/193
 
预约/预借
| 序号 | 登录号 | 条形码 | 馆藏地/架位号 | 状态 | 备注 |
| 1 | 1023575 | 210235752 | 第二样本阅览室/ [索取号:TU-862/193] | 在馆 | |
| 2 | 1023576 | 210235761 | 密集书库-生命科学系/ [索取号:TU-862/193] | 在馆 | |
| 3 | 1023577 | 210235770 | 第三借阅区/ [索取号:TU-862/193] | 在馆 | |
| 4 | 1023578 | 210235789 | 第三借阅区/ [索取号:TU-862/193] | 在馆 | |
| 5 | 1023579 | 210235798 | 第三借阅区/ [索取号:TU-862/193] | 在馆 |